The Five Largest Islands of Indonesia - Statistics

General Stats
  • This quiz has been taken 42 times
  • The average score is 5 of 5
Answers on the Map
Answers color-coded by a green-red scale on the quiz's map according to % correct below.
 
Answer Stats
Area km² Island % Correct
748,168 Borneo
100%
138,794 Java
100%
480,848 Sumatra
96%
180,681 Sulawesi
93%
785,753 New Guinea
75%
No matching quizzes found
Score Distribution
Percent of People with Each Score
Percentile by Number Answered
Your Score History
You have not taken this quiz